[Event "Verbandsliga Nordbaden 1718"]
[Site "Baden"]
[Date "2018.01.28"]
[Round "5.3"]
[White "Duschek, Volker"]
[Black "Meinhardt, Maximilian"]
[Result "1/2-1/2"]
[WhiteElo "2278"]
[BlackElo "2388"]
[PlyCount "64"]
[EventDate "2017.10.08"]
[EventType "team-tourn"]
[EventRounds "9"]
[EventCountry "GER"]
[SourceTitle "EXT 2019"]
[Source "ChessBase"]
[SourceDate "2018.10.10"]
[SourceVersion "1"]
[SourceVersionDate "2018.10.10"]
[SourceQuality "1"]
[WhiteTeam "Karlsruhe"]
[BlackTeam "Viernheim II"]
[WhiteTeamCountry "GER"]
[BlackTeamCountry "GER"]

1. e4 e6 2. d4 d5 3. Nc3 Nc6 4. Nf3 Nf6 5. e5 Ne4 6. Bd3 Bb4 7. 0-0 Nxc3 8. bxc3 Bxc3 9. Rb1 h6 10. Be3 Ba5 11. Ne1 Qe7 12. Qg4 Qf8 13. Bc1 Bb4 14. Nf3 a6 15. c4 dxc4 16. Bxc4 Be7 17. Qe4 Qg8 18. d5 Nd8 19. Qc2 Qf8 20. Rd1 Bc5 21. d6 cxd6 22. exd6 Bxd6 23. Qd3 b5 24. Bb3 Nb7 25. a4 Qe7 26. axb5 a5 27. Bc2 f5 28. Bb2 0-0 29. Ne5 Re8 30. Qf3 a4 31. Bd4 Qc7 32. Qc6 Qxc6 1/2-1/2

[Event "BL2-Sued 1617"]
[Site "Germany"]
[Date "2017.03.19"]
[Round "7.7"]
[White "Meinhardt, Maximilian"]
[Black "Gohil, Harry"]
[Result "1-0"]
[WhiteElo "2378"]
[BlackElo "2293"]
[PlyCount "45"]
[EventDate "2016.10.16"]
[EventType "team-tourn"]
[EventRounds "9"]
[EventCountry "GER"]
[SourceTitle "EXT 2018"]
[Source "ChessBase"]
[SourceDate "2017.10.13"]
[SourceVersion "1"]
[SourceVersionDate "2017.10.13"]
[SourceQuality "1"]
[WhiteTeam "Viernheim"]
[BlackTeam "Schott Mainz"]
[WhiteTeamCountry "GER"]
[BlackTeamCountry "GER"]

1. e4 c5 2. Ne2 Nc6 3. Nbc3 e6 4. d4 cxd4 5. Nxd4 Qc7 6. g3 a6 7. Bg2 Nf6 8. 0-0 Nxd4 9. Qxd4 Bc5 10. Bf4 d6 11. Qd3 Nh5 12. Be3 Nf6 13. Rad1 Ke7 14. e5 dxe5 15. Qc4 Bd6 16. Qh4 Kf8 17. Rxd6 Qxd6 18. Rd1 Qe7 19. Ne4 Nd7 20. Bc5 Nxc5 21. Rd8+ Qe8 22. Nd6 Bd7 23. Nxe8 1-0

[Event "Pfalz op-A 8th"]
[Site "Neustadt an der Weinstrasse"]
[Date "2017.02.26"]
[Round "4"]
[White "Danin, Alexandre"]
[Black "Meinhardt, Maximilian"]
[Result "1/2-1/2"]
[WhiteElo "2585"]
[BlackElo "2378"]
[PlyCount "74"]
[EventDate "2017.02.24"]
[EventType "swiss"]
[EventRounds "9"]
[EventCountry "GER"]
[SourceTitle "CBM 177 Extra"]
[Source "ChessBase"]
[SourceDate "2017.04.27"]
[SourceVersion "1"]
[SourceVersionDate "2017.04.27"]
[SourceQuality "1"]

1. e4 e6 2. Nf3 d5 3. Nc3 Nc6 4. d4 Nf6 5. e5 Ne4 6. Ne2 Na5 7. Ng3 c5 8. dxc5 Nxg3 9. hxg3 Bxc5 10. Bd3 Qc7 11. Qe2 Nc6 12. c3 Bd7 13. Bg5 h6 14. g4 d4 15. c4 Nb4 16. Bd2 Nxd3+ 17. Qxd3 Bc6 18. b4 Be7 19. 0-0 Bxf3 20. Qxf3 Bg5 21. Rfd1 Rd8 22. Rac1 Bxd2 23. Rxd2 Qxe5 24. Qxb7 h5 25. g5 Qxg5 26. Rcd1 e5 27. Qe4 0-0 28. f4 exf4 29. Rf2 Rfe8 30. Qxf4 Qxf4 31. Rxf4 d3 32. Rd2 Re1+ 33. Kf2 Rc1 34. Ke3 Re1+ 35. Kf2 Rc1 36. Ke3 Re1+ 37. Kf2 Rc1 1/2-1/2

[Event "Pfalz op-A 8th"]
[Site "Neustadt an der Weinstrasse"]
[Date "2017.02.26"]
[Round "5"]
[White "Meinhardt, Maximilian"]
[Black "Kiese, Matthias"]
[Result "1-0"]
[WhiteElo "2378"]
[BlackElo "2263"]
[PlyCount "63"]
[EventDate "2017.02.24"]
[EventType "swiss"]
[EventRounds "9"]
[EventCountry "GER"]
[SourceTitle "CBM 177 Extra"]
[Source "ChessBase"]
[SourceDate "2017.04.27"]
[SourceVersion "1"]
[SourceVersionDate "2017.04.27"]
[SourceQuality "1"]

1. e4 c5 2. Nc3 d6 3. g3 Nc6 4. Bg2 g6 5. d3 Bg7 6. f4 e6 7. Nf3 Nge7 8. 0-0 0-0 9. Be3 Nd4 10. e5 Nef5 11. Bf2 Bd7 12. Ne4 Nxf3+ 13. Qxf3 Bc6 14. c3 Rc8 15. Rad1 b6 16. d4 cxd4 17. cxd4 Bb5 18. Rfe1 d5 19. Nc3 Bc4 20. Bh3 Qd7 21. g4 Ne7 22. Bh4 Kh8 23. Rd2 a5 24. Bf6 Bxf6 25. exf6 Nc6 26. g5 Rfd8 27. Bg4 Qd6 28. Kg2 a4 29. h4 h5 30. Bxh5 gxh5 31. Qxh5+ Kg8 32. g6 1-0

[Event "BL2-Sued 1617"]
[Site "Germany"]
[Date "2017.02.05"]
[Round "5.6"]
[White "Fuchs, Heinz"]
[Black "Meinhardt, Maximilian"]
[Result "1/2-1/2"]
[WhiteElo "2241"]
[BlackElo "2378"]
[PlyCount "122"]
[EventDate "2016.10.16"]
[EventType "team-tourn"]
[EventRounds "9"]
[EventCountry "GER"]
[SourceTitle "EXT 2018"]
[Source "ChessBase"]
[SourceDate "2017.10.13"]
[SourceVersion "1"]
[SourceVersionDate "2017.10.13"]
[SourceQuality "1"]
[WhiteTeam "Untergrombach"]
[BlackTeam "Viernheim"]
[WhiteTeamCountry "GER"]
[BlackTeamCountry "GER"]

1. c4 e6 2. Nc3 d5 3. d4 c5 4. cxd5 exd5 5. Nf3 Nc6 6. g3 c4 7. Bg2 Bb4 8. 0-0 Nge7 9. Bd2 0-0 10. b3 Bg4 11. e3 Na5 12. h3 Bf5 13. Na4 Ba3 14. bxc4 Nxc4 15. Qb3 Qd6 16. Bc1 Bb4 17. a3 Ba5 18. Nc5 Qb6 19. Nh4 Qxb3 20. Nxb3 Bd3 21. Rd1 Bc2 22. Nxa5 Bxd1 23. Nxc4 dxc4 24. Bd2 Ba4 25. Bxb7 Rab8 26. Ba6 Bb3 27. Bb4 Rfe8 28. Bc5 c3 29. Rc1 Bd5 30. Bd3 Nc6 31. Rxc3 g6 32. Ng2 Rb2 33. Nf4 Bf3 34. g4 h5 35. g5 Rd2 36. Rc1 h4 37. Bc4 Be4 38. Ng2 Rb8 39. Nxh4 Nd8 40. f3 Bc6 41. Bb4 Rb2 42. e4 Kh7 43. Ng2 Bb5 44. Bd5 Bd7 45. Nf4 Rc8 46. Rxc8 Bxc8 47. h4 Bb7 48. Be7 Bxd5 49. Bxd8 Bc4 50. Be7 Rb1+ 51. Kf2 Rf1+ 52. Kg2 Rd1 53. d5 a5 54. Kf2 a4 55. Ke3 Kg7 56. h5 gxh5 57. Nxh5+ Kg6 58. Nf4+ Kg7 59. Nh5+ Kg6 60. Nf4+ Kg7 61. Nh5+ Kg6 1/2-1/2

[Event "Verbandsliga Nordbaden 1617"]
[Site "Baden"]
[Date "2016.12.11"]
[Round "4.1"]
[White "Engel, Berthold"]
[Black "Meinhardt, Maximilian"]
[Result "1/2-1/2"]
[WhiteElo "2141"]
[BlackElo "2379"]
[PlyCount "54"]
[EventDate "2016.10.09"]
[EventType "team-tourn"]
[EventRounds "9"]
[EventCountry "GER"]
[SourceTitle "EXT 2022"]
[Source "ChessBase"]
[SourceDate "2021.10.06"]
[SourceVersion "1"]
[SourceVersionDate "2021.10.06"]
[SourceQuality "1"]
[WhiteTeam "Buchen II"]
[BlackTeam "Viernheim II"]
[WhiteTeamCountry "GER"]
[BlackTeamCountry "GER"]

1. e4 c5 2. Nf3 e6 3. c3 d5 4. Bb5+ Bd7 5. Bxd7+ Qxd7 6. d3 Nc6 7. 0-0 Rd8 8. Qe2 dxe4 9. dxe4 Qd3 10. Qxd3 Rxd3 11. Na3 Nf6 12. Re1 Be7 13. Nc4 Nd7 14. a4 0-0 15. Bf4 Rd8 16. Kf1 f6 17. Ke2 Nf8 18. Red1 Ng6 19. Bc7 Rxd1 20. Rxd1 Rxd1 21. Kxd1 b6 22. Ne1 e5 23. Nd3 Nf8 24. Bd6 Kf7 25. Bxe7 Kxe7 26. Ke2 Nd7 27. g3 g6 1/2-1/2

[Event "Verbandsliga Nordbaden 1617"]
[Site "Baden"]
[Date "2016.11.20"]
[Round "3.2"]
[White "Meinhardt, Maximilian"]
[Black "Dudek, Richard"]
[Result "1-0"]
[WhiteElo "2379"]
[BlackElo "2227"]
[PlyCount "75"]
[EventDate "2016.10.09"]
[EventType "team-tourn"]
[EventRounds "9"]
[EventCountry "GER"]
[SourceTitle "EXT 2022"]
[Source "ChessBase"]
[SourceDate "2021.10.06"]
[SourceVersion "1"]
[SourceVersionDate "2021.10.06"]
[SourceQuality "1"]
[WhiteTeam "Viernheim II"]
[BlackTeam "Eppingen II"]
[WhiteTeamCountry "GER"]
[BlackTeamCountry "GER"]

1. e4 c6 2. Ne2 d5 3. e5 g6 4. d4 Bg7 5. Nf4 e6 6. h4 h5 7. Nd2 Nh6 8. Nf3 Nf5 9. Bd3 Na6 10. c3 Nc7 11. a4 a5 12. b3 b6 13. g3 Ba6 14. Ng2 Bf8 15. Bg5 Be7 16. 0-0 Bxg5 17. Nxg5 Bxd3 18. Qxd3 Qe7 19. Ra2 0-0 20. Ne3 Kg7 21. Kg2 c5 22. Re2 Rfe8 23. Rfe1 Nh6 24. f3 cxd4 25. cxd4 Na6 26. g4 Nb4 27. Qb1 hxg4 28. fxg4 Rac8 29. Rf1 Qc7 30. Ref2 Re7 31. Qd1 Qc3 32. Qf3 Rcc7 33. h5 Qd3 34. Rd1 Qxe3 35. Qxe3 Nxg4 36. Qf4 Nxf2 37. Qf6+ Kg8 38. h6 1-0

[Event "North American op 25th"]
[Site "Las Vegas"]
[Date "2015.12.29"]
[Round "8"]
[White "Meinhardt, Maximilian"]
[Black "Taghizadeh, Rayan"]
[Result "0-1"]
[WhiteElo "2393"]
[BlackElo "2259"]
[PlyCount "82"]
[EventDate "2015.12.26"]
[EventType "swiss"]
[EventRounds "9"]
[EventCountry "USA"]
[SourceTitle "CBM 170 Extra"]
[Source "ChessBase"]
[SourceDate "2016.02.25"]
[SourceVersion "1"]
[SourceVersionDate "2016.02.25"]
[SourceQuality "1"]

1. e4 e5 2. Nf3 Nc6 3. d4 exd4 4. Nxd4 Bc5 5. Be3 Qf6 6. c3 Nge7 7. g3 d5 8. Bg2 Bxd4 9. cxd4 dxe4 10. Nc3 Nf5 11. Nxe4 Qd8 12. 0-0 Ncxd4 13. Qa4+ Bd7 14. Qc4 Bb5 15. Qc5 Bxf1 16. Bg5 f6 17. Kxf1 fxg5 18. Re1 Kf7 19. g4 g6 20. gxf5 Nxf5 21. Qc4+ Kg7 22. Nc5 Qf6 23. Ne6+ Kh6 24. f4 g4 25. Kg1 Rae8 26. Re5 Re7 27. Bxb7 Nd6 28. Qe2 Nxb7 29. Qxg4 Rxe6 30. Rxe6 Qd4+ 31. Kf1 Qc4+ 32. Re2 Rf8 33. Kg1 Qxf4 34. Qh3+ Kg7 35. Re7+ Rf7 36. Qc3+ Qf6 37. Rxf7+ Kxf7 38. Qb3+ Kg7 39. Qxb7 Qb6+ 40. Qxb6 cxb6 41. Kf2 Kf6 0-1

[Event "Las Vegas Millionaire op"]
[Site "Las Vegas"]
[Date "2015.10.10"]
[Round "5"]
[White "Meinhardt, Maximilian"]
[Black "Lenderman, Aleksandr"]
[Result "0-1"]
[WhiteElo "2381"]
[BlackElo "2623"]
[PlyCount "130"]
[EventDate "2015.10.08"]
[EventType "swiss"]
[EventRounds "9"]
[EventCountry "USA"]
[SourceTitle "CBM 168 Extra"]
[Source "ChessBase"]
[SourceDate "2015.10.29"]
[SourceVersion "1"]
[SourceVersionDate "2015.10.29"]
[SourceQuality "1"]

1. e4 e6 2. d4 d5 3. e5 c5 4. c3 Nc6 5. Nf3 Bd7 6. Be2 Nge7 7. 0-0 cxd4 8. cxd4 Nf5 9. b3 Be7 10. Na3 Rc8 11. Nc2 Qb6 12. g4 Nh4 13. Nxh4 Bxh4 14. Ba3 Be7 15. Bxe7 Nxe7 16. Qd2 0-0 17. Ne3 f6 18. exf6 Rxf6 19. Ng2 Rcf8 20. g5 R6f7 21. Bh5 g6 22. Bg4 Nc6 23. Rad1 e5 24. Bxd7 Rxd7 25. dxe5 Nxe5 26. Ne1 Rf5 27. Kg2 d4 28. f4 Ng4 29. Rf3 Rff7 30. Nc2 Ne3+ 31. Nxe3 dxe3 32. Qe2 Rxd1 33. Qxd1 Qe6 34. Kf1 Re7 35. Qe2 Qf5 36. Qc4+ Kf8 37. Ke2 Qg4 38. Qd5 Qg2+ 39. Ke1 Qh1+ 40. Ke2 Qxh2+ 41. Ke1 Qh1+ 42. Ke2 Qg2+ 43. Ke1 Qh1+ 44. Ke2 Qg2+ 45. Ke1 Qb2 46. f5 Qa1+ 47. Ke2 Qxa2+ 48. Ke1 Qa1+ 49. Ke2 Qb2+ 50. Ke1 Qc3+ 51. Ke2 Qc2+ 52. Ke1 Qd2+ 53. Qxd2 exd2+ 54. Kxd2 gxf5 55. Rxf5+ Kg7 56. Rf6 Rd7+ 57. Kc3 Rc7+ 58. Kd4 Rc6 59. Rf5 Kg6 60. Rd5 Rc7 61. Ke5 Rf7 62. Ke4 Kh5 63. Ra5 a6 64. b4 Kg4 65. b5 Rf5 0-1

[Event "Las Vegas Millionaire op"]
[Site "Las Vegas"]
[Date "2015.10.09"]
[Round "4"]
[White "Ramirez Alvarez, Alejandro"]
[Black "Meinhardt, Maximilian"]
[Result "0-1"]
[WhiteElo "2586"]
[BlackElo "2381"]
[PlyCount "136"]
[EventDate "2015.10.08"]
[EventType "swiss"]
[EventRounds "9"]
[EventCountry "USA"]
[SourceTitle "CBM 168 Extra"]
[Source "ChessBase"]
[SourceDate "2015.10.29"]
[SourceVersion "1"]
[SourceVersionDate "2015.10.29"]
[SourceQuality "1"]

1. Nf3 d5 2. c4 e6 3. g3 c5 4. Bg2 Nf6 5. 0-0 Nc6 6. d4 Be7 7. dxc5 Bxc5 8. a3 0-0 9. b4 Be7 10. Nbd2 b6 11. Bb2 Bb7 12. cxd5 exd5 13. Rc1 Re8 14. Rc2 Bf8 15. Nb3 Ne4 16. Qc1 Ne7 17. Nfd4 Nd6 18. Rd1 Rc8 19. Bc3 Qd7 20. Qa1 Qa4 21. Rdc1 Ba6 22. Nd2 Nb5 23. Nxb5 Bxb5 24. Nf3 Nf5 25. Qb2 Nd6 26. Nd4 Bc4 27. Qa1 Ne4 28. Bb2 g6 29. Nf3 a5 30. Ne5 Ba6 31. Bxe4 dxe4 32. Ng4 Rxc2 33. Nf6+ Kg7 34. Nxe8+ Kg8 35. Nf6+ Kg7 36. Nxe4+ Kg8 37. Nf6+ Kg7 38. Nd7+ Kg8 39. Nxf8 Rxc1+ 40. Qxc1 Kxf8 41. Qd2 Ke7 42. Qg5+ Kd7 43. Qd5+ Ke7 44. Be5 Qd7 45. Bf6+ Ke8 46. Qe5+ Qe6 47. Qb8+ Qc8 48. Qxb6 Bxe2 49. Qe3+ Qe6 50. Qd4 Qd7 51. Qe5+ Qe6 52. Qb8+ Kd7 53. Qd8+ Kc6 54. bxa5 Kb7 55. Bd4 Bc4 56. h4 Bd5 57. Qb6+ Kc8 58. Qc5+ Kb7 59. a6+ Kxa6 60. Qa7+ Kb5 61. a4+ Kc4 62. Qc5+ Kd3 63. Qc3+ Ke2 64. Qc2+ Kf3 65. Be3 Kg4 66. Qd1+ Bf3 67. Qd4+ Qe4 68. Qf6 Qb1+ 0-1

[Event "Las Vegas Millionaire op"]
[Site "Las Vegas"]
[Date "2015.10.08"]
[Round "2"]
[White "Shimanov, Aleksandr"]
[Black "Meinhardt, Maximilian"]
[Result "1/2-1/2"]
[WhiteElo "2593"]
[BlackElo "2381"]
[PlyCount "91"]
[EventDate "2015.10.08"]
[EventType "swiss"]
[EventRounds "9"]
[EventCountry "USA"]
[SourceTitle "CBM 168 Extra"]
[Source "ChessBase"]
[SourceDate "2015.10.29"]
[SourceVersion "1"]
[SourceVersionDate "2015.10.29"]
[SourceQuality "1"]

1. d4 e6 2. g3 d5 3. Bg2 c5 4. Nf3 Nc6 5. 0-0 Nf6 6. c4 Be7 7. cxd5 exd5 8. dxc5 Bxc5 9. a3 Ne4 10. b4 Be7 11. Bb2 Bf6 12. Qb3 Be6 13. Nbd2 0-0 14. Rad1 Nd6 15. b5 Na5 16. Bxf6 Qxf6 17. Qb4 Nac4 18. Nxc4 Nxc4 19. Nd4 Rac8 20. e3 Rfd8 21. Rc1 Qh6 22. Nxe6 fxe6 23. Qe7 Rb8 24. e4 Re8 25. Qb4 Nd2 26. Rfd1 Nxe4 27. Bxe4 dxe4 28. Qxe4 Re7 29. Qd4 b6 30. Qd6 Rbe8 31. Rc8 Qf6 32. Qc6 Rxc8 33. Qxc8+ Kf7 34. Rd8 Kg6 35. Rd6 Qe5 36. Qc6 Kf5 37. Qf3+ Kg6 38. Qg4+ Kf7 39. Rd4 Qxb5 40. Qf3+ Kg8 41. Qa8+ Re8 42. Qxa7 Rc8 43. h4 e5 44. Rd7 Rc1+ 45. Kh2 Rh1+ 46. Kxh1 1/2-1/2